| 000 | 00782nam a2200217 a 4500 | ||
|---|---|---|---|
| 001 | 000040206 | ||
| 005 | 20201002034001.0 | ||
| 008 | 130815s1971 sp ac 000 0 spa d | ||
| 040 |
_aDO-SdBNP _bspa _cBNPHU |
||
| 100 | 1 |
_aMaquet, Jacques _966473 |
|
| 240 | 1 | 0 |
_lEspañol _aSociété et pouvoir Afrique |
| 245 | 1 | 3 |
_aEl poder negro en Africa / _cJacques Maquet ; traductor Fabián García-Prieto. |
| 260 |
_aMadrid : _bEdiciones Guardarrama, _c1971. |
||
| 300 |
_a254 p. : _bils., retrs. ; _c20 cm. |
||
| 490 | 1 | _aBiblioteca para el Hombre Actual | |
| 500 | _aIncluye índice analítico | ||
| 500 | _aTraducido del idioma francés | ||
| 504 | _aBibliografía : p. 247-250 | ||
| 700 | 1 |
_aGarcía-Prieto, Fabián, _etrad. _966474 |
|
| 830 | 0 |
_aBiblioteca para el Hombre Actual _951979 |
|
| 999 |
_c39696 _d39696 |
||